Consorci d'Iniciatives de Medi Ambient i Patrimoni : Escola-Taller de Medi Ambient de Collserola Escola-Taller de Medi Ambient de Collserola
Descripción Física:
[17] p. : principalment il. ; 30 cm
MARC
| LEADER | 00000nam a2200000Ia 4500 | ||
|---|---|---|---|
| 001 | 10968 | ||
| 008 | 160829s9999 xx 000 0 cat d | ||
| 080 | |a FU-27-21 | ||
| 245 | |a Consorci d'Iniciatives de Medi Ambient i Patrimoni : |b Escola-Taller de Medi Ambient de Collserola | ||
| 260 | |a [Barcelona : |b el Consorci], DL 1992 | ||
| 300 | |a [17] p. : |b principalment il. ; |c 30 cm | ||
| 650 | |a Consorci d'Iniciatives de Medi Ambient i Patrimoni |9 30998 | ||
| 650 | |a Escola-Taller de Medi Ambient de Collserola |9 30999 | ||
| 650 | |a Formació ocupacional I |9 31000 | ||
| 650 | 0 | |a Medi ambient |z Barcelona (Catalunya) |9 44878 | |
| 901 | |a Arxiu | ||
| 942 | |n 1 | ||
| 952 | |0 0 |1 0 |4 0 |6 FU2721 |7 1 |9 45594 |a Arxiu |b Arxiu |d 2016-12-01 |l 0 |o FU-27-21 |p 10968 |r 2016-12-01 00:00:00 |w 2016-12-01 |y ARXIU | ||
| 999 | |c 48762 |d 48762 | ||